Catalog

Record Details

Catalog Search



Available copies

  • 1 of 2 copies available at LARL/NWRL Consortium.
  • 1 of 2 copies available at Lake Agassiz Regional Library. (Show preferred library)

Current holds

0 current holds with 2 total copies.

Show Only Available Copies
Location Call Number / Copy Notes Barcode Shelving Location Status Due Date
Crookston Public Library LARGE PRINT MCA (Text) 33500014417257 New Checked out 07/22/2026
Moorhead Public Library LARGE PRINT MCA (Text) 33500014417265 New Available -

Record details

  • ISBN: 9780063475298
  • ISBN: 0063475294
  • Physical Description: 520 pages (large print) ; 23 cm
  • Edition: First William Morrow Large Print edition.
  • Publisher: New York, NY : William Morrow Large Print, an imprint of HarperCollins Publishers, [2026]

Content descriptions

General Note:
"Originally published in the United Kingdom in 2026 by Penguin Michael Joseph"--Title page verso.
"Read with Jenna"--Page 1 of cover.
Summary, etc.:
"How far would you go to rescue your child? A ... Read More
Subject: British > Fiction.
Mothers and daughters > Fiction.
Family vacations > Texas > Fiction.
Deserts > Texas > Fiction.
Teenage girls > Fiction.
Ransom > Fiction.
Kidnappers > Fiction.
Rescues > Fiction.
Ethical problems > Fiction.
Texas > Fiction.
Texas > Romans, nouvelles, etc.
FICTION / Thrillers / Suspense.
FICTION / World Literature / England / 21st Century.
FICTION / Women.
FICTION / Crime.
FICTION / Psychological.
FICTION / Thrillers / Crime.
FICTION / Family Life / Parenthood & Children.
FICTION / Places / United States.
FICTION / Thrillers / Psychological.
FICTION / Thrillers / Domestic.
Genre: Large type books.
Large print books.
Thrillers (Fiction)
Psychological fiction.
Detective and mystery fiction.
Novels.
LDR 03473cam a2200829 i 4500
001490264
003LARL_NWRL_CONSORTIUM
00520260615212359.0
008260129t20262026nyu ed 000 1 eng d
040 . ‡aAZZPT ‡beng ‡erda ‡cAZZPT ‡dBDX ‡dOCLCQ ‡dIG# ‡dOCLCO ‡dOQX ‡dJBL ‡dOCLCO ‡dGP5 ‡dSDD ‡dNZAUC ‡dIMT ‡dNZHWP
020 . ‡a9780063475298 ‡q(large print ; ‡qpaperback)
020 . ‡a0063475294 ‡q(large print ; ‡qpaperback)
035 . ‡a(OCoLC)1570687738
043 . ‡an-us-tx
08204. ‡a823/.92 ‡223
1001 . ‡aMcAllister, Gillian, ‡eauthor. ‡1https://id.oclc.org/worldcat/entity/E39PBJtCGYBbcbJfhxr8rr3bBP
24510. ‡aCaller unknown / ‡cGillian McAllister.
250 . ‡aFirst William Morrow Large Print edition.
264 1. ‡aNew York, NY : ‡bWilliam Morrow Large Print, an imprint of HarperCollins Publishers, ‡c[2026]
264 4. ‡c©2026
300 . ‡a520 pages (large print) ; ‡c23 cm
336 . ‡atext ‡btxt ‡2rdacontent
337 . ‡aunmediated ‡bn ‡2rdamedia
338 . ‡avolume ‡bnc ‡2rdacarrier
340 . ‡nlarge print ‡2rdafs
3410 . ‡atextual ‡blargePrint ‡2sapdv
500 . ‡a"Originally published in the United Kingdom in 2026 by Penguin Michael Joseph"--Title page verso.
500 . ‡a"Read with Jenna"--Page 1 of cover.
520 . ‡a"How far would you go to rescue your child? A mother races against the clock--and finds herself on the wrong side of the law--in a desperate fight to save her teenage daughter"-- ‡cProvided by publisher.
650 0. ‡aBritish ‡vFiction.
650 0. ‡aMothers and daughters ‡vFiction. ‡0(LARL_NWRL_CONSORTIUM)166030
650 0. ‡aFamily vacations ‡zTexas ‡vFiction.
650 0. ‡aDeserts ‡zTexas ‡vFiction.
650 0. ‡aTeenage girls ‡vFiction. ‡0(LARL_NWRL_CONSORTIUM)167625
650 0. ‡aRansom ‡vFiction.
650 0. ‡aKidnappers ‡vFiction.
650 0. ‡aRescues ‡vFiction. ‡0(LARL_NWRL_CONSORTIUM)174659
650 0. ‡aEthical problems ‡vFiction.
651 0. ‡aTexas ‡vFiction. ‡0(LARL_NWRL_CONSORTIUM)167647
651 6. ‡aTexas ‡vRomans, nouvelles, etc.
650 7. ‡aFICTION / Thrillers / Suspense. ‡2bisacsh
650 7. ‡aFICTION / World Literature / England / 21st Century. ‡2bisacsh
650 7. ‡aFICTION / Women. ‡2bisacsh
650 7. ‡aFICTION / Crime. ‡2bisacsh
650 7. ‡aFICTION / Psychological. ‡2bisacsh
650 7. ‡aFICTION / Thrillers / Crime. ‡2bisacsh
650 7. ‡aFICTION / Family Life / Parenthood & Children. ‡2bisacsh
650 7. ‡aFICTION / Places / United States. ‡2bisacsh
650 7. ‡aFICTION / Thrillers / Psychological. ‡2bisacsh
650 7. ‡aFICTION / Thrillers / Domestic. ‡2bisacsh
655 0. ‡aLarge type books.
655 7. ‡aLarge print books. ‡2lcgft
655 7. ‡aThrillers (Fiction) ‡2lcgft
655 7. ‡aPsychological fiction. ‡2lcgft
655 7. ‡aDetective and mystery fiction. ‡2lcgft
655 7. ‡aNovels. ‡2lcgft
936 . ‡aBATCHLOAD
901 . ‡a490264 ‡bAUTOGEN ‡c490264 ‡tbiblio

Additional Resources